000 00405nam a2200157Ia 4500
003 OSt
005 20240120155001.0
008 170523s9999 xx 000 0 und d
020 _a978-9350244548
040 _ciimt university meerut
100 _aDESAI- VASANT
245 0 _aDYNAMICS OF ENTREPREUSIAL DEVELOPMENT AND MANAGEMENT
260 _bDELHI HIMALAYA PUBLICATION
260 _c1997
942 _2ddc
_c02
999 _c44
_d44